الطفل العبقري / (رقم التسجيلة. 32791)

تفاصيل مارك
000 -LEADER
fixed length control field 00791nam a22002417a 4500
005 - DATE AND TIME OF LATEST TRANSACTION
control field 20251108165838.0
008 - FIXED-LENGTH DATA ELEMENTS--GENERAL INFORMATION
fixed length control field 250721s1998 xx 000 0 ara d
020 ## - INTERNATIONAL STANDARD BOOK NUMBER
International Standard Book Number 9770256048
082 14 - DEWEY DECIMAL CLASSIFICATION NUMBER
Classification number ط/ 927.813 / قاب
100 1# - MAIN ENTRY--PERSONAL NAME
Personal name قابيل، محمد
245 10 - TITLE STATEMENT
Title الطفل العبقري /
250 ## - EDITION STATEMENT
Edition statement ط.2
246 13 - VARYING FORM OF TITLE
Title proper/short title موسوعة للأطفال تغطي مجالات المعرفة البشرية المختلفة
264 1# - PRODUCTION, PUBLICATION, DISTRIBUTION, MANUFACTURE, AND COPYRIGHT NOTICE
Place of production, publication, distribution, manufacture القاهرة :
Name of producer, publisher, distributor, manufacturer دار المعارف،
Date of production, publication, distribution, manufacture, or copyright notice [1998].
300 ## - PHYSICAL DESCRIPTION
Extent 16ص.:مص
490 0# - SERIES STATEMENT
Series statement ماذا تعلم عن
Volume/sequential designation 10
650 17 - SUBJECT ADDED ENTRY--TOPICAL TERM
Topical term or geographic name as entry element الموسيقيون
650 17 - SUBJECT ADDED ENTRY--TOPICAL TERM
Topical term or geographic name as entry element التراجم
653 ## - INDEX TERM--UNCONTROLLED
Uncontrolled term أطفال مرحلة متوسطة (6-9 سنوات)
700 1# - ADDED ENTRY--PERSONAL NAME
Personal name نجيب، أسامة أحمد
Relator term Cart.
942 ## - ADDED ENTRY ELEMENTS (KOHA)
Source of classification or shelving scheme Dewey Decimal Classification
Koha item type كتب
المقتنيات
حالة السحب حالة الفقدان مصدر التصنيف حالة التلف غير قابل للإعارة المكتبة الرئيسية المكتبة الحالية موقع الرف تاريخ التزويد الرقم المتسلسل Total Checkouts رقم الإستدعاء تاريخ آخر ظهور تاريخ الفاتورة نوع المادة (كوها) الباركود
    Dewey Decimal Classification     مكتبة أم المؤمنين للأطفال مكتبة أم المؤمنين للأطفال الأطفال 28/07/2025 419232   ط/ 927.813 / قاب 28/07/2025 28/07/2025 كتب 419232
    Dewey Decimal Classification Unchecked   مكتبة أم قصير والمقابلين العامة مكتبة أم قصير والمقابلين العامة الأطفال 06/07/2004 360062   ط/ 927.813 / قاب 28/07/2025 06/07/2004 كتب  
    Dewey Decimal Classification     مكتبة الاميرة بديعة مكتبة الاميرة بديعة الأطفال 01/07/2015 36005   ط/ 927.813 / قاب 28/07/2025 01/07/2015 كتب PLD00335164
    Dewey Decimal Classification Unchecked   مكتبة البراءة للأطفال مكتبة البراءة للأطفال الأطفال 28/07/2025 360047   ط/ 927.813 / قاب 28/07/2025 28/07/2025 كتب  
    Dewey Decimal Classification     مكتبة البراعم الواعدة مكتبة البراعم الواعدة الأطفال 23/07/2015 1603116   ط/ 927.813 / قاب 28/07/2025 23/07/2015 كتب PLD00338439
    Dewey Decimal Classification Unchecked   مكتبة الحسن العامة مكتبة الحسن العامة الأطفال 06/07/2004 360058   ط/ 927.813 / قاب 28/07/2025 06/07/2004 كتب  
    Dewey Decimal Classification Unchecked   مكتبة النصر العامة مكتبة النصر العامة الأطفال 06/07/2004 360059   ط/ 927.813 / قاب 28/07/2025 06/07/2004 كتب  
    Dewey Decimal Classification Unchecked   مكتبة حمزة العامة مكتبة حمزة العامة الأطفال 06/07/2004 360056   ط/ 927.813 / قاب 28/07/2025 06/07/2004 كتب  
    Dewey Decimal Classification Unchecked   مكتبة صويلح العامة مكتبة صويلح العامة الأطفال 06/07/2004 360060   ط/ 927.813 / قاب 28/07/2025 06/07/2004 كتب  
Implemented & Customized by: BBB with SCIT (Smart Chains for Information Technology)

Powered by Koha